000 02051nab a2200253 i 4500
001 768714001
003 CO-MdFUSB
005 20240620163546.0
008 240620t1993 us ||||| |||| 00| 0 eng d
040 _bspa
_cCO-MdFUSB
_dCO-MdFUSB
041 _aeng
100 _aBibby, Reginald Wayne,
_d1943-
_eautor
245 1 _aMosaics and melting pots in motion :
_breading and responding to New Times
_c/ Reginald Wayne Bibby
520 _aComo los dos principales receptores de personas de otros países en el mundo, Estados Unidos y Canadá han tenido que desarrollar políticas que respondan a su creciente diversidad cultural. Mientras que Estados Unidos históricamente ha adoptado un enfoque asimilacionista y de crisol de culturas, Canadá ha elegido un camino muy diferente. Desde la década de 1960, el vecino del norte de Estados Unidos ha estado involucrado en un experimento cultural interesante y bastante singular. La asimilación ha sido rechazada en favor del pluralismo, el crisol de culturas despreciado en favor del multiculturalismo. Vale la pena observar el experimento, especialmente en vista del hecho de que el resurgimiento mundial de las lealtades étnicas está obligando a otros países, incluido Estados Unidos, a considerar una gama de posibilidades pluralistas. El autor examina el resultado hasta la fecha del experimento multicultural canadiense, incluidas algunas de las consecuencias directas para la religión. Concluye con una discusión de las implicaciones de lo que ha estado sucediendo en Canadá para otros países, en particular Estados Unidos.
546 _aTexto en inglés.
650 7 _aAntropología cultural y social
_96714
650 7 _aPolítica social
_92578
650 7 _aAnálisis transcultural
_97076
650 7 _aReligión y cultura
_9388
653 _aEstados Unidos - Canadá
773 0 _049486
_961126
_d Pasadena
_oR0888
_tMissiology:
_w(CO-MdFUSB)97
_gVolumen 21, (número 4, 1993) páginas: 413 - 428
_qpágina: 413
942 _cANA
945 _aCatherine Arias Álvarez - Practicante SENA
999 _c70336
_d70336